Biokatalýza s rekombinantnými dekarboxylázami

Gespeichert in:
Bibliographische Detailangaben
1. Verfasser: Kyzeková, Tamara (Verfasst von)
Weitere Verfasser: Markošová, Kristína (Betreuung Doktorarbeit)
Format: Manuskript Buch
Sprache:Slowakisch
Veröffentlicht: 2018
Schlagworte:
Online-Zugang:http://is.stuba.sk/zp/portal_zp.pl?podrobnosti=117978
Tags: Tag hinzufügen
Keine Tags, Fügen Sie das erste Tag hinzu!

MARC

LEADER 00000ntm a22000003a 4500
001 stuzp69537
003 SK-STU
005 20180623210813.5
007 ta
008 150427s2015----xo-----f-mn---000-0-slo-d
040 |a STU  |b slo 
041 0 |a slo 
100 1 |a Kyzeková, Tamara  |u 044000  |4 aut  |U FCHPT Fakulta chemickej a potravinárskej technológie  |T FCHPT Ústav biotechnológie  |X 76195  |U C4000  |Y 102  |7 76195 
242 0 1 |a Biocatalysis With Recombinant Decarboxylases  |y eng 
245 1 0 |a Biokatalýza s rekombinantnými dekarboxylázami 
260 |c 2018 
650 4 |a kyselina jablčná  |2 slo 
650 4 |a jablčno-mliečny enzým  |2 slo 
650 4 |a dekarboxylázy  |2 slo 
650 4 |a Escherichia coli  |2 slo 
650 4 |a malolactic enzyme  |2 eng 
650 4 |a decarboxylases  |2 eng 
650 4 |a Escherichia coli  |2 eng 
650 4 |a malic acid  |2 eng 
700 1 |a Markošová, Kristína  |u 044000  |k Z1  |4 ths  |U FCHPT Fakulta chemickej a potravinárskej technológie  |T FCHPT Ústav biotechnológie  |X 50617  |U C4000  |Y 102  |7 A0000050617 
856 4 |u http://is.stuba.sk/zp/portal_zp.pl?podrobnosti=117978